|
|
แสดงรายละเอียดบรรณานุกรม |
|
|
Brief Record
: Get Marc (ISO 2709)
: E-mail record
: |
| LEADER 00000nama 2200000uu 4500 | |||
| 008 040531s2546 th m m a000 0 tha d | |||
| 020 974-83663-8-3 | |||
| 041 tha | |||
| 050 รส ส131ผ | |||
| 100 สงกรานต์ จิตสุทธิภากร | |||
| 245 ผู้ชายมาจากดาวอังคาร ผู้หญิงมาจากดาวศุกร์ 003 | |||
| 250 18 | |||
| 260 กรุงเทพฯ ซีเอ็ด 2546 | |||
| 300 349 หน้า | |||
| 650 เรื่องสั้น | |||
| 998 2006-04-04 | |||
| คุณยังไม่ได้ล็อกอิน คุณสามารถมีกิจกรรมร่วมกับเว็บไซต์ได้ แต่ต้องล็อกอินก่อน :: |
|
| สถานะ | |||||||||
| 1. | หนังสือทั่วไป | รส ส131ผ 2546 | On Shelf ขอยืม | ||||||
| [แสดง 1/1 รายการ] | |||||||||
| รายการใกล้เคียง หัวเรื่อง [เรื่องสั้น] |
BibComment |
| คอมเมนท์ทรัพยากรรายการนี้ |
|
|